Guess The Restaraunt! #5 - Statistics

General Stats
  • This quiz has been taken 24 times
  • The average score is 9 of 20
Answer Stats
Picture Answer % Correct
Culver's
91%
Cracker Barrel
83%
Texas Roadhouse
78%
Johnny Rockets
74%
Einstein Bros
70%
Big Boy
61%
Checker's
57%
Firehouse Subs
57%
Longhorn Steakhouse
57%
The Coffee Bean
48%
California Pizza Kitchen
39%
On The Border
39%
Zaxbys
39%
Nandos
35%
Costa Coffee
26%
O'Charleys
26%
Black Bear Diner
17%
Boston Pizza
17%
Lazy Dog
17%
Beninhana
13%
No matching quizzes found
Score Distribution
Percent of People with Each Score
Percentile by Number Answered
Your Score History
You have not taken this quiz